000 01457nam a2200433 c 4500
001 53201
003 ES-MaCES
005 20250203133029.0
007 cr |||||||||||
008 240524s2022 sp r 000 | spa d
017 _aBI 01450-2022
_bDL
020 _a 9788492937912
040 _aES-MaCES
_bspa
_cES-MaCES
100 1 _941071
_aSalamanca Gonzáles, Jimena
245 1 0 _aConsumo y bienestar social
_hRecurso electrónico
_b: consecuencias de la Gran Recesión
_cdir. por Iván Arribas Fernández ; Jimena Salamanca Gonzáles
250 _a1ª ed
260 _aBilbao
_bFundación BBVA
_c2022
300 _a1 documento pdf
_c(3,94 mb)
504 _aBibliografía: p. 205-208
541 _cGratuito
650 4 _aconsumo
_927907
650 4 _agasto de consumo
_927905
650 4 _ahogar
_927911
650 4 _abienestar
_927033
650 4 _abienestar familiar
_929489
650 4 _acalidad de la vida
_929237
650 4 _acondiciones de vida
_927111
650 4 _adesigualdad social
_930789
650 4 _acrisis económica
_927102
650 4 _aEspaña
_926964
650 4 _aevaluación del impacto
_930732
650 4 _aComunidades Autónomas
_930768
653 1 0 _aConsumo
700 1 _aArribas Fernández, Iván
_96597
_edir.
710 2 _aFundación BBVA
_eed.
_93766
856 4 _uhttp://biblioteca.ces.es/repintra/B53201.pdf
_ytexto completo
_z[intranet]
902 _aELE PUB. ELECTRONICA
942 _2CES
_cBK
_h4.0.
999 _c53201
_d53201